[Event "SWZ-ch"]
[Site "Graechen"]
[Date "1999.??.??"]
[Round "?"]
[White "Gruenenwald, Joerg"]
[Black "Horvath, Tamas"]
[Result "0-1"]
[WhiteElo "2323"]
[BlackElo "2406"]

1.d4 Nf6 2.c4 e6 3.Nf3 Bb4+ 4.Bd2 Qe7 5.g3 O-O 6.Bg2 Nc6 7.O-O Bxd2 8.Nbxd2 d5
9.Qc2 Rd8 10.Rad1 Bd7 11.a3 a5 12.e4 dxe4 13.Nxe4 Nxe4 14.Qxe4 a4 15.Rfe1 h6
16.Ne5 Nxe5 17.Qxe5 Qd6 18.c5 Qxe5 19.dxe5 Bc6 20.Rxd8+ Rxd8 21.Bxc6 bxc6
22.Re4 Rd5 23.Rxa4 Rxc5 24.Re4 Rb5 25.Re2 Kh7 26.Kf1 Kg6 27.Ke1 Kf5 28.Kd2 Rxe5
29.Rxe5+ Kxe5 30.Kc2 Kd4 31.Kb3 Kc5 32.Kc3 e5 33.g4 g6 34.h4 f6 35.a4 h5
36.gxh5 gxh5 37.b4+ Kb6 38.Kc4 f5 39.f3 Ka6 40.Kc5 Kb7 41.a5 Ka6 42.Kc4 f4
43.Kd3 c5 44.bxc5 Kxa5 45.Ke4 Kb5 46.Kxe5 Kxc5 47.Kxf4 Kd4 48.Kg5 c5 49.f4 c4
50.f5 c3 51.f6 c2 52.f7 c1=Q+ 53.Kg6 Qf4 54.Kg7 Ke4  0-1

[Event "Gyongyos op"]
[Site "Gyongyos"]
[Date "1999.??.??"]
[Round "9"]
[White "Foldi, Istvan"]
[Black "Galianina, Julia"]
[Result "1/2-1/2"]
[WhiteElo "2370"]
[BlackElo "2325"]

1.d4 Nf6 2.Nf3 e6 3.c4 Bb4+ 4.Bd2 Qe7 5.g3 Nc6 6.Bg2 Bxd2+ 7.Nbxd2 d6 8.O-O O-O
9.Qc2 a5 10.e3 Re8 11.Rac1 e5 12.d5 Nb4 13.Qb1 Na6 14.b3 Bd7 15.e4  1/2-1/2

[Event "Havana Provincial"]
[Site "Havana"]
[Date "1999.??.??"]
[Round "?"]
[White "Almeida, Omar"]
[Black "Ibanez, Dagoberto"]
[Result "1/2-1/2"]
[WhiteElo "2340"]
[BlackElo "2235"]

1.d4 Nf6 2.c4 e6 3.Nf3 Bb4+ 4.Bd2 Be7 5.Nc3 d5 6.Bg5 Nbd7 7.e3 h6 8.Bh4 c6
9.cxd5 exd5 10.Bd3 Ne4 11.Bg3 Nxg3 12.hxg3 Nf6 13.Qc2 Be6 14.O-O-O Qa5 15.Kb1 O-O-O
16.Bf5 Nd7 17.Bxe6 fxe6 18.Qg6 Bf6 19.e4 dxe4 20.Rh5 Qb4 21.Qxe4 Rhe8 22.a3 Qe7
23.Ra5 Kb8 24.Qf4+ Ka8 25.Na4 Rc8 26.Qe3 b6 27.Rh5 Qd6 28.Nc3 Be7 29.Ne4 Qc7
30.Qf4 Nf6 31.Qxc7 Rxc7 32.Re5 Nxe4 33.Rxe4 Bf6 34.Rde1 Rd8 35.Rxe6 Kb7 36.Rd1 Rcd7
37.Rc1 Rc7  1/2-1/2

[Event "Helsinki-ch"]
[Site "Helsinki"]
[Date "1999.??.??"]
[Round "?"]
[White "Keskisarja, Teemu"]
[Black "Haapasalo, Jukka Pekka"]
[Result "1/2-1/2"]
[WhiteElo "2313"]
[BlackElo "2249"]

1.d4 Nf6 2.Nf3 e6 3.c4 Bb4+ 4.Bd2 Qe7 5.g3 Nc6 6.Nc3 Bxc3 7.Bxc3 Ne4 8.Rc1 O-O
9.Bg2 d6 10.d5 Nd8 11.O-O a5 12.dxe6 Nxe6 13.b3 Nxc3 14.Rxc3 Qf6 15.Qd2 Bd7
16.Rd1 Bc6 17.Nd4 Bxg2 18.Kxg2 Nxd4 19.Qxd4 Qxd4 20.Rxd4 b6 21.a3 Rfe8 22.e3 Re6
23.Kf3  1/2-1/2

[Event "Helsinki We I HSK"]
[Site "Helsinki"]
[Date "1999.??.??"]
[Round "2"]
[White "Manninen, Marko"]
[Black "Peltola, Leo"]
[Result "1-0"]
[WhiteElo "2404"]
[BlackElo "2062"]

1.d4 Nf6 2.c4 e6 3.Nf3 Bb4+ 4.Bd2 c5 5.Bxb4 cxb4 6.g3 O-O 7.Bg2 d6 8.O-O Qb6
9.Nbd2 Nc6 10.Nb3 a5 11.Rc1 a4 12.c5 Qa6 13.Nbd2 d5 14.Re1 Rd8 15.e4 dxe4
16.Nxe4 Nxe4 17.Rxe4 Ne7 18.a3 bxa3 19.bxa3 Bd7 20.Ne5 Bb5 21.Qh5 Ng6 22.Rh4 Nxh4
23.Qxf7+ Kh8 24.Bxb7 Qa5 25.Bxa8 Qd2 26.Rb1 Rxa8 27.gxh4 Bd3 28.Qf3  1-0

[Event "Hessen-ch int"]
[Site "Hessen"]
[Date "1999.??.??"]
[Round "9"]
[White "Wehmeier, Stefan"]
[Black "Zatschek, Mark"]
[Result "1-0"]
[WhiteElo "2425"]
[BlackElo "2215"]

1.d4 Nf6 2.c4 e6 3.Nf3 Bb4+ 4.Bd2 Qe7 5.Qc2 Bxd2+ 6.Nbxd2 d6 7.g3 O-O 8.Bg2 Nc6
9.O-O a5 10.e4 e5 11.d5 Nb8 12.Ne1 Na6 13.Nd3 Bg4 14.f3 Bh5 15.a3 c6 16.Bh3 Bg6
17.Rab1 Nc7 18.b4 cxd5 19.exd5 axb4 20.axb4 Ra3 21.Rb3 Rfa8 22.Bg2 Nd7 23.Re1 f5
24.c5 Ra2 25.Rb2 Rxb2 26.Qxb2 Nxd5 27.Nc4 dxc5 28.Ncxe5 Bf7 29.Nxf7 Qxf7
30.bxc5 Re8 31.Qxb7 Rxe1+ 32.Nxe1 Qe6 33.Qc8+ Kf7 34.Nc2 Ne3 35.c6 Nxc2 36.Qxd7+ Qxd7
37.cxd7 Ke7 38.Bh3 g6 39.g4 fxg4 40.Bxg4 Nd4 41.Kf2 Nf5 42.Bxf5 gxf5 43.Ke3 Kxd7
44.h4 h6 45.Kd3 Kc6 46.Kc4 Kd6 47.f4 h5 48.Kd4 Ke6 49.Kc5 Kf7 50.Kd5 Kf6
51.Kd6 Kf7 52.Ke5 Kg6 53.Ke6 Kg7 54.Kxf5 Kf7 55.Kg5 Kg7 56.Kxh5 Kh7 57.Kg5 Kg7
58.f5 Kf7 59.f6 Kg8 60.Kg6  1-0

[Event "HUN-chT9899"]
[Site "HUN"]
[Date "1999.??.??"]
[Round "?"]
[White "Karolyi, Tibor Jr"]
[Black "Schneider, Attila"]
[Result "1/2-1/2"]
[WhiteElo "2425"]
[BlackElo "2375"]

1.d4 Nf6 2.c4 e6 3.Nf3 Bb4+ 4.Bd2 Bxd2+ 5.Qxd2 d5 6.Nc3 O-O 7.e3 Qe7 8.cxd5 exd5
9.Bd3 c6 10.Qc2 Nbd7 11.O-O Re8 12.Rab1 a5 13.Rfc1 Ne4 14.Bxe4 dxe4 15.Nd2 Nf6
16.a3 g6 17.Ne2  1/2-1/2

[Event "HUN-chT9899"]
[Site "HUN"]
[Date "1999.??.??"]
[Round "?"]
[White "Orso, Janos"]
[Black "Turzo, Attila"]
[Result "0-1"]
[WhiteElo "2250"]
[BlackElo "2345"]

1.d4 Nf6 2.c4 e6 3.Nf3 Bb4+ 4.Bd2 c5 5.e3 O-O 6.Bd3 d6 7.O-O Re8 8.Bxb4 cxb4
9.Nbd2 e5 10.Qc2 Bg4 11.Ng5 h6 12.Nge4 Nc6 13.d5 Nb8 14.h3 Nxe4 15.Nxe4 Bf5
16.Ng3 Bxd3 17.Qxd3 Nd7 18.Qf5 Rc8 19.Rac1 Rc7 20.Qg4 Nf6 21.Qd1 Rc5 22.Qa4 Qa5
23.Qb3 b5 24.cxb5 Qxb5 25.Rxc5 Qxc5 26.Rd1 g6 27.e4 h5 28.Qf3 Kg7 29.Rd3 h4
30.Nf1 Qc4 31.Rb3 Nxe4 32.Qg4 Qd4 33.Ne3 Kf8 34.Qxh4 Nc5 35.Ng4 e4 36.Re3 Nd7
37.Qh6+ Kg8 38.Qg5 Qxb2 39.Nh6+ Kf8 40.Qf4 Qa1+ 41.Kh2 Qe5 42.Rxe4 Qxd5 43.Rxe8+ Kxe8
44.Qxb4 Qxa2 45.Qxd6 Qxf2 46.Ng4 Qb6 47.Qa3 a5 48.Qc3 Qc5 49.Qh8+ Ke7 50.Qh4+ Kd6
51.Qe1 Ne5 52.Nf6 Qd4 53.Kh1 a4 54.Qb1 a3 55.Ne4+ Ke7 56.Qb7+ Nd7 57.Qa8 a2
58.Qa3+ Nc5 59.Nc3 Kf6 60.Nxa2 Ne4 61.Nb4 Qd1+ 62.Kh2 Qd6+ 63.Kg1 Qc5+ 64.Kh2 Kg7
65.Qb3 Qd6+ 66.Kg1 Qd4+ 67.Kh2 Nd2 68.Qa3 Nf1+ 69.Kh1 Ne3 70.Nd3 Kh7 71.Qb3 Qa1+
72.Kh2 Nf1+  0-1

[Event "HUN-chT29899"]
[Site "HUN"]
[Date "1999.??.??"]
[Round "?"]
[White "Eperjesi, Laszlo"]
[Black "Rigan, Jozsef"]
[Result "1-0"]
[WhiteElo "2365"]
[BlackElo "2200"]

1.d4 Nf6 2.c4 e6 3.Nf3 Bb4+ 4.Bd2 Be7 5.Nc3 c5 6.d5 exd5 7.cxd5 a6 8.a4 d6
9.e4 Bg4 10.Be2 Nbd7 11.O-O O-O 12.Ne1 Bxe2 13.Qxe2 Ne8 14.f4 Bf6 15.Nf3 Bd4+
16.Kh1 Nef6 17.Qd3 Re8 18.Rae1 Bxc3 19.Bxc3 Nh5 20.Nd2 Rb8 21.a5 b5 22.axb6 Nxb6
23.g4 Nf6 24.g5 Nh5 25.Qxa6 Qd7 26.Qe2 g6 27.Qf3 Na4 28.Nc4 Red8 29.Ba5 Qb5
30.b3 Rf8 31.Bc7 Qxb3 32.Bxb8 Qxc4 33.Bxd6 Re8 34.Be5 Qb5 35.Rb1 Qd7 36.Rfc1 h6
37.gxh6 Kh7 38.Bg7 Qc7 39.e5 Qd7 40.f5 gxf5 41.Rf1 Nxg7 42.hxg7 Kxg7 43.Rg1+ Kf8
44.Qg2 Nc3 45.d6  1-0

[Event "Imatra We ImSh 48"]
[Site "Imatra"]
[Date "1999.??.??"]
[Round "4"]
[White "Dokuchaev, Aleksander"]
[Black "Jouhki, Yrjo Markus"]
[Result "1/2-1/2"]
[WhiteElo "2443"]
[BlackElo "2306"]

1.d4 Nf6 2.Nf3 e6 3.c4 Bb4+ 4.Bd2 Qe7 5.Nc3 b6 6.g3 c5 7.Bg2 Bb7 8.a3 Bxc3
9.Bxc3 Ne4 10.Rc1 Nxc3 11.Rxc3 O-O 12.O-O d6 13.d5 e5 14.Nd2 Nd7 15.f4 Nf6
16.e4 a6 17.f5 g5 18.Qe2 h6 19.b4 cxb4 20.axb4 a5 21.bxa5 Rxa5 22.Rb1 Ba6
23.Qe3 Nd7 24.f6 Nxf6 25.Qxb6 Ra2 26.Nf1 Ra8 27.Ne3 Bc8 28.c5 dxc5 29.d6 Qe8
30.d7 Nxd7 31.Qxh6 Qd8 32.Nf5 Qf6 33.Qh5 Ra1 34.Rcc1 Rxb1 35.Rxb1 Ba6 36.Rd1 Nf8
37.Nh6+ Kg7 38.Nf5+ Kg8 39.Nh6+ Kg7 40.Nf5+ Kg8 41.Nh6+  1/2-1/2

[Event "Jesenik op"]
[Site "Jesenik"]
[Date "1999.??.??"]
[Round "?"]
[White "Trombik, Karel"]
[Black "Tustanowski, Robert"]
[Result "1-0"]
[WhiteElo "2182"]
[BlackElo "2258"]

1.d4 Nf6 2.c4 e6 3.Nf3 Bb4+ 4.Bd2 c5 5.a3 Bxd2+ 6.Qxd2 cxd4 7.Nxd4 a6 8.Nc3 b6
9.e4 Qc7 10.Be2 Bb7 11.f3 O-O 12.O-O Nc6 13.Kh1 Rfd8 14.Rac1 Rac8 15.Rfd1 Ne5
16.b3 d6 17.Qe3 Ned7 18.f4 Nc5 19.e5 dxe5 20.fxe5 Nfe4 21.Nxe4 Qxe5 22.b4 Nxe4
23.Bf1 h5 24.Kg1 Qg5 25.Qe1 e5  1-0

[Event "CZE-ch (Women)"]
[Site "Klatovy"]
[Date "1999.??.??"]
[Round "8"]
[White "Cedikova, Katerina"]
[Black "Saljova, Silvie"]
[Result "1/2-1/2"]
[WhiteElo "2082"]
[BlackElo "2212"]

1.d4 Nf6 2.c4 e6 3.Nf3 Bb4+ 4.Bd2 Qe7 5.g3 Nc6 6.Bg2 Bxd2+ 7.Nbxd2 d6 8.O-O O-O
9.e4 e5 10.d5 Nb8 11.Ne1 a5 12.Nd3 Na6 13.Qc2 c6 14.dxc6 bxc6 15.a3 c5  1/2-1/2

[Event "AUT2W-chT"]
[Site "Kufstein"]
[Date "1999.??.??"]
[Round "3.3"]
[White "Ferrari, Josef"]
[Black "Duer, Arne"]
[Result "1/2-1/2"]
[WhiteElo "2115"]
[BlackElo "2378"]

1.d4 Nf6 2.c4 e6 3.Nf3 Bb4+ 4.Bd2 Qe7 5.g3 Nc6 6.Bg2 Bxd2+ 7.Nbxd2 d6 8.O-O e5
9.d5 Nb8 10.e4 O-O 11.b4 c6 12.Qe2 cxd5 13.cxd5 Na6 14.a3 Bg4 15.Rfc1 Rfc8
16.Nb3 Rxc1+ 17.Rxc1 Rc8 18.Rxc8+ Bxc8 19.Nfd2 Qc7 20.Qc4 Ne8 21.Bf1 Kf8
22.f4 exf4 23.gxf4 Bd7 24.Qd4 Ba4 25.b5 Nc5 26.Nxc5 Qxc5 27.Qxc5 dxc5 28.Nb1 Bc2
29.Nc3 Nf6 30.Bg2 Nh5 31.f5 Nf4 32.Bf1 Ke7 33.Kf2 g5 34.fxg6 Nxg6 35.Ke3 f5
36.exf5 Bxf5 37.Bd3 Bxd3 38.Kxd3 Kd6 39.Ke4 Ne7 40.a4 b6 41.h3 h6 42.h4 h5
43.Ne2 Nxd5 44.Ng3 Ne7 45.Nxh5 Ng6 46.Ng7 Nxh4 47.Ne8+ Kd7 48.Nf6+ Ke6 49.Nd5 Ng6
50.Nc7+ Kd7 51.Nd5 Kd6 52.Ne3 Ne7 53.Nc4+ Ke6 54.Ne3 Nc8 55.Kd3 Nd6 56.Kc3 Nf5
57.Ng4 Nd4 58.Kc4 Nf3 59.Ne3 Ne5+ 60.Kc3 Kd6 61.Nf5+ Kd7 62.Ne3 Kc7 63.Nf5 Nf7
64.Ne7 Nd6 65.Ng6 Kb7 66.Ne5 a6 67.bxa6+ Kxa6 68.Nd7 Ka5 69.Kb3 Ka6 70.Kc3 Ne4+
71.Kd3 Nd6 72.Kc3 Ka5 73.Kb3 Ne4 74.Kc4 Nd2+ 75.Kc3 Nf1 76.Kd3 Ng3 77.Kc4 Ne4
78.Kd3 Nd6 79.Kc3 Ka6 80.Kc2 Nb7 81.Kc3 Na5 82.Ne5 Kb7 83.Kd3 Kc7 84.Kc3 Kd6
85.Ng4 Kd5 86.Nf6+ Ke6 87.Ng4 Nb7 88.Ne3 Nd6 89.Ng4 Kf5 90.Ne3+ Ke6 91.Ng4 Kd5
92.Ne3+ Kc6 93.Kd3 Kb7 94.Ng4 Ka6 95.Ne5 Ka5 96.Nd7 Kxa4 97.Nxb6+ Kb3 98.Kd2 Nc4+
99.Nxc4 Kxc4 100.Kc2 Kb4 101.Kb2 c4 102.Kc2 c3 103.Kc1 Kc4 104.Kc2 Kd4 105.Kc1 Kc4
106.Kc2 Kb4 107.Kc1 Kb3 108.Kb1 c2+ 109.Kc1 Kc3  1/2-1/2

[Event "La Bordeta op"]
[Site "La Bordeta"]
[Date "1999.??.??"]
[Round "5"]
[White "Monedero Gonzalez, Josep"]
[Black "Vehi Bach, Victor Manuel"]
[Result "1/2-1/2"]
[WhiteElo "2120"]
[BlackElo "2385"]

1.d4 Nf6 2.c4 e6 3.Nf3 Bb4+ 4.Bd2 Qe7 5.Bxb4 Qxb4+ 6.Qd2 Qe7 7.Nc3 d6 8.Qg5 O-O
9.e3 Re8 10.Be2 e5 11.O-O h6 12.Qh4 Nbd7 13.Rfe1 e4 14.Nd2 Nf8 15.f4 exf3
16.Bxf3 Ng6 17.Qg3 c6 18.Nde4 Nxe4 19.Nxe4 Rd8 20.Nc3 Bf5 21.Rad1 Re8 22.Bh5 Qg5
23.Qxg5 hxg5 24.e4  1/2-1/2

[Event "Mendrisio op"]
[Site "Mendrisio"]
[Date "1999.??.??"]
[Round "2"]
[White "Gheorghiu, Florin"]
[Black "Dell'Agosti, Alain"]
[Result "1/2-1/2"]
[WhiteElo "2450"]
[BlackElo "2128"]

1.d4 Nf6 2.c4 e6 3.Nf3 Bb4+ 4.Bd2 Qe7 5.g3 Nc6 6.Nc3 O-O 7.Bg2 Bxc3 8.Bxc3 Ne4
9.Rc1 f5 10.O-O b6 11.d5 Nxc3 12.Rxc3 Na5 13.Nd4 Rb8 14.Nb5 a6 15.d6 cxd6
16.Qxd6 Qxd6 17.Nxd6 Bb7 18.Nxb7 Nxb7 19.Rd1 Rfd8 20.b4 Kf8 21.Ra3 a5 22.Bxb7 Rxb7
23.bxa5 Ra7 24.a6 Ke7 25.Rb1 Rb8 26.c5 b5 27.Ra5 Rba8 28.Raxb5 Rxa6 29.Rb7 Rc6
30.Rd1 Rd8 31.Ra7 Rxc5 32.a4 Rc6 33.a5 Rd6 34.Ra1 Rc8 35.a6 Rb6 36.Ra2 Rcb8
37.f4 Rb2 38.Rxb2 Rxb2 39.Kf2 Rb8 40.h3 h5 41.Rb7 Ra8 42.a7 Kd6 43.Rb8 Rxa7
44.Rg8 h4 45.gxh4 Ra3 46.e3 Ra2+ 47.Kf3 Rh2 48.Kg3 Re2 49.Kf3 Rh2 50.Kg3 Re2  1/2-1/2

[Event "Nigran op 13th"]
[Site "Nigran"]
[Date "1999.??.??"]
[Round "7"]
[White "Teijeiro, Barros Alberto"]
[Black "Pena Torres, Jose Carlos"]
[Result "1-0"]
[WhiteElo "2250"]
[BlackElo "2115"]

1.d4 Nf6 2.c4 e6 3.Nf3 Bb4+ 4.Bd2 a5 5.g3 O-O 6.Bg2 d5 7.Qc2 c5 8.dxc5 Bxc5
9.cxd5 Qb6 10.O-O exd5 11.Nc3 Na6 12.Na4 Qb5 13.Rac1 b6 14.Nc3 Qd7 15.Bg5 Nb4
16.Qb1 Bb7 17.Bxf6 gxf6 18.Rfd1 Rad8 19.Nd4 Qg4 20.Nf5 Kh8 21.Bf3 Qg5 22.a3 Na6
23.Bxd5 Bxd5 24.Nxd5 Rfe8 25.e4 Rd7 26.b4 axb4 27.axb4 Rxd5 28.Rxd5 Nxb4
29.Rd7 h5 30.Rcd1 Nc6 31.Kg2 Ne5 32.Rd8 Rxd8 33.Rxd8+ Kh7 34.f4 Qg4 35.Qd1 Nc6
36.Qxg4 hxg4 37.Rd7 Kg6 38.h3 gxh3+ 39.Kxh3 Nb8 40.Rd8 Nc6 41.Rg8+ Kh7 42.Rg7+ Kh8
43.Rxf7  1-0

[Event "GER-ch U18"]
[Site "Oberhof"]
[Date "1999.??.??"]
[Round "1"]
[White "Buhmann, Rainer"]
[Black "Friedrichs, Klaus"]
[Result "1-0"]
[WhiteElo "2301"]
[BlackElo "2144"]

1.d4 Nf6 2.c4 e6 3.Nf3 Bb4+ 4.Bd2 Qe7 5.g3 Nc6 6.Bg2 Bxd2+ 7.Nbxd2 d6 8.O-O a5
9.e4 e5 10.d5 Nb8 11.b3 Bg4 12.a3 O-O 13.b4 Na6 14.Qb3 axb4 15.axb4 c5 16.dxc6 bxc6
17.Ra4 Qb7 18.Rfa1 Bxf3 19.Bxf3 Nc7 20.Qd3 Rxa4 21.Rxa4 Rd8 22.Nb3 Ne6 23.h4 g6
24.Kg2 Kg7 25.Qc3 Ra8 26.Qa1 Rxa4 27.Qxa4 Qb6 28.Qa5 Qb7 29.Qa4 Qb6 30.b5 cxb5
31.cxb5 Nd7 32.h5 Ndc5 33.Nxc5 Nxc5 34.Qc4 Qb7 35.Qb4 Qb6 36.Be2 Ne6 37.Qd2 Nd4
38.h6+ Kf8 39.Qd3 Qb7 40.f3 Ke7 41.Qc4 Qb6 42.Bf1 Qa5 43.Qd3 Qa2+ 44.Kg1 Qd2
45.Qxd2 Nxf3+ 46.Kf2 Nxd2 47.Bd3 d5 48.b6 Kd6 49.exd5 Nb3 50.Bb5 Nc5 51.Be8 Ke7
52.Bc6 Kd6 53.Ke3 Na6 54.g4 Nb8 55.Be8 Ke7 56.Bb5 Kd6 57.Ke4 f6 58.Be8 Nd7
59.Bxg6 hxg6 60.h7 f5+ 61.Ke3 f4+ 62.Kf3 e4+ 63.Kxf4 g5+ 64.Ke3  1-0

[Event "Pardubice op2"]
[Site "Pardubice"]
[Date "1999.??.??"]
[Round "?"]
[White "Chetverik, Maxim"]
[Black "Starostits, Ilmas"]
[Result "0-1"]
[WhiteElo "2273"]
[BlackElo "2358"]

1.d4 Nf6 2.c4 e6 3.Nf3 Bb4+ 4.Bd2 Qe7 5.g3 O-O 6.Bg2 Bxd2+ 7.Qxd2 d6 8.Nc3 e5
9.O-O Nc6 10.d5 Nb8 11.e4 Nbd7 12.Nh4 g6 13.h3 Nh5 14.Kh2 Nf4 15.Nf3 Nxg2
16.Kxg2 a5 17.b3 Nc5 18.Rae1 f5 19.Qh6 f4 20.g4 Bd7 21.Rh1 Kh8 22.g5 c6 23.Nh4 f3+
24.Kf1 Kg8 25.Re3 Rf4 26.Ke1 Qf7 27.Rg1 Qf8 28.dxc6 Bxc6 29.Rg4 Qf7 30.Nf5 Rxg4
31.hxg4 gxf5 32.gxf5 Bxe4 33.Rxe4  0-1

[Event "Mangini mem"]
[Site "Rio de Janeiro"]
[Date "1999.??.??"]
[Round "7"]
[White "Andrade, Luciano Nilo"]
[Black "Manzi, Luiz Ant Bardaro"]
[Result "1/2-1/2"]
[WhiteElo "2000"]
[BlackElo "2150"]

1.d4 Nf6 2.c4 e6 3.Nf3 Bb4+ 4.Bd2 Be7 5.Nc3 d5 6.cxd5 exd5 7.e3 O-O 8.Be2 Re8
9.O-O c6 10.Rc1 Nbd7 11.Qc2 Nf8 12.Ne5 Bd6 13.f4 Ne4 14.Bd3 f5 15.Be1 Nd7
16.Qb3 Ndf6 17.Bh4 Nd2 18.Qc2 Nxf1 19.Rxf1 Rf8 20.Bxf5 Bxf5 21.Qxf5 Qe8  1/2-1/2

[Event "Sportland-NRW-Cup"]
[Site "Senden"]
[Date "1999.??.??"]
[Round "1"]
[White "Caravan, Mariana"]
[Black "Naiditsch, Arkadij"]
[Result "1/2-1/2"]
[WhiteElo "2125"]
[BlackElo "2415"]

1.d4 Nf6 2.c4 e6 3.Nf3 Bb4+ 4.Bd2 Qe7 5.Nc3 Bxc3 6.Bxc3 Ne4 7.Qc2 Nxc3 8.Qxc3 d6
9.g3 O-O 10.Bg2 Nd7 11.O-O e5 12.dxe5 dxe5 13.Rfd1 Re8 14.Rd2 Nf6 15.Ng5 e4
16.Rad1 Bf5 17.Nh3 c6 18.Qd4 h6 19.Qd6 g5 20.Qxe7 Rxe7 21.Rd6 Kg7 22.f4 exf3
23.exf3 Re2 24.R6d2 Rae8 25.Kf1 Rxd2 26.Rxd2 a5 27.Nf2 b5 28.cxb5 cxb5 29.Bh3 Bb1
30.a3 Re3 31.Kg2 h5 32.Nd1 Re8 33.Nc3 Bg6 34.Kf1 b4 35.axb4 axb4 36.Ne2 Ra8
37.Nd4 Ra1+ 38.Kf2 g4 39.Bg2 Rb1 40.f4 Ne4+ 41.Bxe4 Bxe4 42.Ke3 Bb7 43.Kd3 Kg6
44.Kc4 h4 45.gxh4 Rf1 46.f5+ Kh5 47.Kxb4 Kxh4 48.Kc5 Kh3 49.b4 Rh1 50.b5 Rxh2
51.Rxh2+ Kxh2 52.Ne2 Kg2 53.Nf4+ Kf3 54.Nh5 Bc8 55.b6 Ke4 56.f6 Ke5 57.Kc6 Ke6
58.b7 Bxb7+ 59.Kxb7 Kf5 60.Kc6 Kg6 61.Ng3 Kxf6 62.Kd5 Kg5  1/2-1/2

[Event "Sportland-NRW-Cup"]
[Site "Senden"]
[Date "1999.??.??"]
[Round "6"]
[White "Schroeder, Wilfried"]
[Black "Gipslis, Aivars"]
[Result "1/2-1/2"]
[WhiteElo "2230"]
[BlackElo "2460"]

1.d4 Nf6 2.c4 e6 3.Nf3 Bb4+ 4.Bd2 Qe7 5.g3 Nc6 6.Nc3 Bxc3 7.Bxc3 Ne4 8.Qc2 Nxc3
9.Qxc3 O-O 10.Bg2 a5 11.O-O d6 12.d5 Nd8 13.e4 e5 14.c5 f5 15.cxd6 cxd6 16.exf5 Bxf5
17.Qe3 Nf7 18.Rac1 Rfc8 19.Nd2 Qd8 20.Be4 Bh3 21.Bg2 Bd7 22.Ne4 Rxc1  1/2-1/2

[Event "Sportland-NRW-Cup"]
[Site "Senden"]
[Date "1999.??.??"]
[Round "8"]
[White "Schroeder, Wilfried"]
[Black "Mossakowski, Florian"]
[Result "1/2-1/2"]
[WhiteElo "2230"]
[BlackElo "2295"]

1.d4 Nf6 2.Nf3 e6 3.c4 Bb4+ 4.Bd2 c5 5.Bxb4 cxb4 6.g3 O-O 7.Bg2 d6 8.O-O Nc6
9.Qd3 e5 10.Nbd2 Bg4 11.e4 Rc8 12.Rac1 Nd7 13.h3 Bxf3 14.Nxf3 Qb6 15.Rfd1 Rfd8
16.b3 a5 17.h4 exd4 18.Nxd4 Nde5 19.Qd2 Nxd4 20.Qxd4 Rc5 21.Qe3 Kf8 22.Rd5 Qc7
23.Rcd1 b6 24.R1d2 f6 25.Bh3 Ke7 26.f4 Nf7 27.Qe2 Re8 28.Qh5 h6 29.Bf5 Kf8
30.Bg6 Rxd5 31.Rxd5 Re6 32.Bxf7 Qxf7 33.Qxf7+ Kxf7 34.Rd4 f5 35.Kf2 fxe4
36.Ke3 Rg6 37.Kf2 Re6 38.Ke3 Rg6 39.Kf2 Re6 40.Ke3 Rg6  1/2-1/2

[Event "White Nights (Women)"]
[Site "St Petersburg"]
[Date "1999.??.??"]
[Round "5"]
[White "Rakitskaja, M."]
[Black "Sudakova, Irina"]
[Result "1-0"]
[WhiteElo "2201"]
[BlackElo "2172"]

1.d4 Nf6 2.c4 e6 3.Nf3 Bb4+ 4.Bd2 Qe7 5.g3 Nc6 6.a3 Bxd2+ 7.Nbxd2 a5 8.Bg2 d6
9.e4 e5 10.d5 Nb8 11.b4 O-O 12.O-O axb4 13.axb4 Rxa1 14.Qxa1 Na6 15.Qc3 Nh5
16.Ne1 f5 17.Nd3 f4 18.c5 Bg4 19.f3 Bd7 20.g4 Nf6 21.c6 Bc8 22.Ra1 bxc6 23.dxc6 d5
24.b5 Nb8 25.g5 Ne8 26.Qxe5 Qxe5 27.Nxe5 Nd6 28.exd5 Nxb5 29.Rb1 Ba6 30.Bh3 g6
31.Ne4 Nd4 32.Rd1 Nxf3+ 33.Nxf3 Be2 34.Rf1 Bxf1 35.Kxf1 Na6 36.Nd4 Rb8 37.Ke2 Rb2+
38.Kf3 Rb4 39.Bc8 Rxd4 40.Bxa6 Kf8 41.d6 Ra4 42.dxc7  1-0

[Event "SWE-chT 9899"]
[Site "Sweden"]
[Date "1999.??.??"]
[Round "9"]
[White "Barkhagen, Jonas"]
[Black "Hellsten, Johan"]
[Result "1/2-1/2"]
[WhiteElo "2506"]
[BlackElo "2575"]

1.d4 Nf6 2.c4 e6 3.Nf3 Bb4+ 4.Bd2 a5 5.g3 d5 6.Qc2 O-O 7.Bg2 dxc4 8.Qxc4 Nc6
9.Nc3 Qe7 10.O-O Rd8 11.Rad1 Nd5 12.e4 Nb6 13.Qe2 e5 14.d5 Nd4 15.Nxd4 exd4
16.Nb5 Nxd5 17.Qc4 Nf6 18.Nxc7 Be6 19.Bxb4 axb4 20.Nd5 Bxd5 21.exd5 b5 22.Qxd4 Qd6
23.Rd3 Rxa2 24.Rb3 Ra4 25.Rc1 h5 26.Bf3 Ng4 27.Qc5 Ra1 28.Kg2 Rxc1 29.Qxc1 Ne5
30.Qf4 Nxf3 31.Qxf3 Qxd5 32.Rxb4 g6  1/2-1/2

[Event "SWZ-chT"]
[Site "SWZ"]
[Date "1999.??.??"]
[Round "3"]
[White "Sherwin, James T"]
[Black "Masserey, Yvan"]
[Result "1/2-1/2"]
[WhiteElo "2355"]
[BlackElo "2345"]

1.d4 Nf6 2.c4 e6 3.Nf3 Bb4+ 4.Bd2 Qe7 5.g3 Nc6 6.Nc3 Bxc3 7.Bxc3 Ne4 8.Qc2 Nxc3
9.Qxc3 O-O 10.Bg2 d6 11.O-O e5 12.d5 Nd8 13.c5 f5 14.Rac1 Nf7 15.Nd2 Qf6
16.f4 Qh6 17.e3 Qh5 18.Nc4 e4 19.cxd6 cxd6 20.Qa3 Bd7 21.Nxd6 Nh6 22.Rc7 Ng4
23.h3 Nf6 24.Nxb7 Bb5 25.Rfc1 Qg6 26.Qb3 Bd3 27.Nc5 Rab8 28.Qa3 Nxd5 29.Nxd3 Nxc7
30.Ne5 Qxg3 31.Rxc7 Rfd8 32.Rd7 Rxd7 33.Nxd7 Rc8 34.Nc5 g5 35.Qb3+ Kh8 36.Qc3+ Kg8
37.Qc4+ Kh8 38.Qd4+ Kg8 39.Qd5+ Kg7 40.Qd7+ Kg6 41.Qxc8 Qxe3+ 42.Kh2 Qxf4+
43.Kg1 Qc1+ 44.Bf1 Qe3+ 45.Kh1 Qf3+ 46.Bg2 Qd1+ 47.Kh2 Qd6+ 48.Kg1 Qd4+ 49.Kh2 Qd6+
50.Kg1 Qd4+ 51.Kf1 Qd1+ 52.Kf2 Qd2+ 53.Kg1  1/2-1/2

[Event "RUS-Cup"]
[Site "Tula "]
[Date "1999.??.??"]
[Round "2"]
[White "Feoktistov, Alexey A"]
[Black "Shomoev, Anton"]
[Result "1-0"]
[WhiteElo "2390"]
[BlackElo "2105"]

1.d4 Nf6 2.c4 e6 3.Nf3 Bb4+ 4.Bd2 Qe7 5.e3 O-O 6.Bd3 Bxd2+ 7.Nbxd2 d6 8.Qc2 Nbd7
9.O-O b6 10.b4 c5 11.a3 Bb7 12.e4 cxd4 13.Nxd4 Rac8 14.Rfe1 g6 15.Qb3 Rfe8
16.Bf1 a6 17.h3 Qd8 18.Rad1 Qc7 19.Qe3 Qb8 20.Qh6 d5 21.exd5 exd5 22.cxd5 Nxd5
23.Ne4 N7f6 24.Nxf6+ Nxf6 25.Nf5 gxf5 26.Qg5+ Kf8 27.Qxf6 Kg8 28.Rd7 Rf8
29.Ree7  1-0

[Event "RUS-Cup"]
[Site "Tula "]
[Date "1999.??.??"]
[Round "7"]
[White "Zakharevich, Igor"]
[Black "Chikovani, Vakhtang"]
[Result "1-0"]
[WhiteElo "2532"]
[BlackElo "2195"]

1.d4 Nf6 2.c4 e6 3.Nf3 Bb4+ 4.Bd2 a5 5.g3 b6 6.Bg2 Bb7 7.O-O O-O 8.Bg5 Be7
9.Qc2 Nc6 10.a3 h6 11.Bxf6 Bxf6 12.Rd1 d5 13.cxd5 exd5 14.Nc3 Kh8 15.Rac1 Re8
16.Qb3 Rb8 17.Qxd5 Nxd4 18.Qxf7 Re7 19.Qg6 Bxf3 20.Bxf3 Nxf3+ 21.exf3 Qe8
22.Qc2 Bxc3 23.Qxc3 Qh5 24.b4 axb4 25.axb4 Rf8 26.Kg2 Re2 27.Rd4 Re7 28.Rh4 Qg5
29.Rg4 Qd5 30.Rd4 Qh5 31.Rcd1 Ref7 32.R1d3 Qb5 33.Rc4 Kg8 34.Re3 Qd7 35.Qe5 Qd8
36.Rc6 Qd7 37.Qe4 Qd8 38.Qe6 Kh8 39.Qe5 Qd7 40.Rxh6+ Kg8 41.Rh4 Rf5 42.Qe4 c5
43.bxc5 bxc5 44.g4 Rg5 45.Rd3 Qc8 46.Qc4+ Rf7 47.Rh8+ Kxh8 48.Qxf7 c4 49.Re3  1-0

[Event "JUG-chT"]
[Site "Vrnjacka Banja"]
[Date "1999.??.??"]
[Round "4"]
[White "Komarov, Dimitri"]
[Black "Martinovic, Slobodan"]
[Result "1-0"]
[WhiteElo "2582"]
[BlackElo "2445"]

1.d4 Nf6 2.c4 e6 3.Nf3 Bb4+ 4.Bd2 Bxd2+ 5.Qxd2 O-O 6.g3 d6 7.Nc3 Nc6 8.Rd1 Qe7
9.Bg2 e5 10.Nd5 Nxd5 11.cxd5 Nxd4 12.Nxd4 exd4 13.Qxd4 a5 14.Rd2 Bd7 15.O-O Rfc8
16.Rc1 a4 17.Rdc2 Qd8 18.Qb4 b6 19.Qd4 Ra5 20.e4 Rc5 21.e5 Qe7 22.f4 Re8
23.Rxc5 bxc5 24.Qc3 Qd8 25.Re1 Bf5 26.Qc4 Qa8 27.h3 h5 28.Re3 Qa5 29.Kh2 Bb1
30.Qe2 g6 31.e6 fxe6 32.dxe6  1-0

[Event "JUG-chT"]
[Site "Vrnjacka Banja"]
[Date "1999.??.??"]
[Round "5"]
[White "Ilincic, Zlatko"]
[Black "Sahovic, Dragutin"]
[Result "1/2-1/2"]
[WhiteElo "2577"]
[BlackElo "2362"]

1.d4 Nf6 2.c4 e6 3.Nf3 Bb4+ 4.Bd2 Qe7 5.g3 Ne4 6.Bg2 Nxd2 7.Nbxd2 O-O 8.O-O Bxd2
9.Qxd2 d6 10.b4 e5 11.Qe3 Re8 12.dxe5 dxe5 13.c5 e4 14.Nd2 f5 15.f3 exf3
16.Qxe7 Rxe7 17.exf3 Nc6 18.b5 Nd4 19.Rae1 Rxe1 20.Rxe1 Bd7 21.a4 Re8 22.Rxe8+ Bxe8
23.Kf2 b6 24.cxb6 axb6 25.Ke3 Ne6 26.Nb3 Kf7 27.f4 Ke7 28.Bd5 Bd7 29.Kd3 Kd6
30.Kc4 g5 31.fxg5 Nxg5 32.Nd4 Ke5 33.h4 Ne6 34.Nxe6 Bxe6 35.Bxe6 Kxe6 36.Kd4 Kd6  1/2-1/2

[Event "Wisla Hugart op (Women)"]
[Site "Warsaw"]
[Date "1999.??.??"]
[Round "?"]
[White "Bobrowska, Monika"]
[Black "Kozlova, Olga"]
[Result "1-0"]
[WhiteElo "2440"]
[BlackElo "2260"]

1.Nf3 Nf6 2.d4 e6 3.c4 Bb4+ 4.Bd2 Qe7 5.Nc3 Bxc3 6.Bxc3 Ne4 7.Qc2 f5 8.g3 Nxc3
9.Qxc3 b6 10.Bg2 Bb7 11.O-O O-O 12.b4 d6 13.c5 Bd5 14.Nd2 Bxg2 15.Kxg2 bxc5
16.bxc5 dxc5 17.dxc5 Nc6 18.Rab1 Rab8 19.e4 Rxb1 20.Rxb1 Rd8 21.Re1 Qd7 22.Nf3 fxe4
23.Rxe4 Qd5 24.Re2 Rf8 25.Qb3 Qxc5 26.Qxe6+ Kh8 27.Qe4 Nb4 28.Rd2 Qc6 29.Qxc6 Nxc6
30.Rd7 Rc8 31.Ng5 Nb8 32.Re7 Nc6 33.Re4 h6 34.Nf3 Rd8 35.Rc4 Rd6 36.h4 g6
37.Nh2 Kg7 38.Ng4 h5 39.Ne3 Kf6 40.Nd5+ Rxd5 41.Rxc6+ Rd6 42.Rxc7 Ra6 43.Rc2 Kf5
44.Kf1 Ke4 45.Rc4+ Kd3 46.Rf4 Re6 47.Ra4 a6 48.Kg2 Rf6 49.f3 Rc6 50.g4 hxg4
51.fxg4 Ke3 52.g5 Rb6 53.Kg3 Rc6 54.Kg4  1-0